|
|
|
|
| LEADER |
01287nam a2200289 a 4500 |
| 001 |
c000187479 |
| 003 |
CARM |
| 005 |
19890421000000.0 |
| 008 |
840711s1982 gr d 001 0 greo |
| 019 |
1 |
|
|a 3317599
|5 LACONCORD2021
|
| 035 |
|
|
|a (OCoLC)11046298
|5 LACONCORD2021
|
| 040 |
|
|
|a LC
|b eng
|c LC
|d NU
|
| 043 |
|
|
|a ew-----
|
| 050 |
0 |
0 |
|a HC241.2
|b .A64 1982
|
| 100 |
1 |
|
|a Agapētidēs, Sōtērēs I.
|
| 245 |
1 |
0 |
|a Lexiko tēs Koinēs Agoras (Eurōpaïkēs Oikonomikēs Koinotētas) /
|c Sōtēriou I. Agapētidē.
|
| 246 |
3 |
|
|a Dictionnaire de la Communauté économique européenne.
|
| 246 |
3 |
|
|a Dictionary of the European Economic Community.
|
| 260 |
|
|
|a Athēna :
|b Ekdot. Oikos "Pamisos",
|c c1982.
|
| 300 |
|
|
|a 432 p. ;
|c 24 cm.
|
| 440 |
|
0 |
|a Enkyklopaidika lexika "Pamisos" ;
|v 4.
|
| 500 |
|
|
|a Added t.p.: Dictionnaire de la Communauté économique européenne : (Marché Commun) ; Dictionary of the European Economic Community : (Common Market)
|
| 500 |
|
|
|a Includes index.
|
| 610 |
2 |
0 |
|a European Economic Community
|x Dictionaries
|x Greek.
|
| 852 |
8 |
|
|b CARM
|h A2:AP22D0
|i C07273
|p 0251462
|f BK
|
| 999 |
f |
f |
|i ab81f6ae-ef6a-528b-9b3e-dd16c49b5792
|s eff6fe4e-cd92-5fb7-a455-fc6d9376a011
|
| 952 |
f |
f |
|p Can circulate
|a CAVAL
|b CAVAL
|c CAVAL
|d CARM 1 Store
|e C07273
|f A2:AP22D0
|h Other scheme
|i book
|m 0251462
|